Compendio de terapéutica antimicrobiana : (Registro nro. 608)

Detalles MARC
000 -LEADER
fixed length control field 00911Cam#a2200229#a#4500
005 - FECHA ULTIMA MODIFICACION
control field 20231205113053.0
008 - CAMPO DE CONTROL (LIBRO)
fixed length control field 100811s1995||||xxud |||||||||||||spa d
020 ## - INTERNATIONAL STANDARD BOOK NUMBER
ISBN 0025732X
041 ## - CODIGO DE IDIOMA
Código de idioma del texto/pista de sonido o título separado spa
092 ## - SIGNATURA TOPOGRAFICA DEWEY LOCAL
número de clasificación 615
libristica 13
sección COM
100 ## - ENTRADA PRINCIPAL--NOMBRE PERSONAL
Nombre personal Abramowicz, Mark.,
Función Editor
245 ## - TITULO PROPIAMENTE DICHO
Título Compendio de terapéutica antimicrobiana :
Subtítulo y Título paralelo The medical letter. On drugs and therapeutics /
Mención de responsabilidad y remanente de la transcripción de la portada Mark Abramowicz.
250 ## - MENCION DE EDICION
Mención de edición 1a ed. española.
260 ## - PIE DE IMPRENTA
Lugar de publicación, distribución, etc Barcelona :
Nombre de la editorial, distribuidor, etc J. R. Prous,
Fecha de publicación 1995.
300 ## - DESCRIPCION FISICA
Extension 163 p.
500 ## - NOTA GENERAL
Nota general Abramowicz, M. (1995). Compendio de terapéutica antimicrobiana : The medical letter. On drugs and therapeutics. (1a ed.) Barcelona: J. R. Prous.
590 ## - NOTAS LOCALES (RLIN)
Nota local Publicado dentro del Programa Ampliado de Libros de Texto y Materiales de Instrucción (PALTEX) de la Organización Panamericana de la Salud.
653 ## - TÉRMINO INDIZADO - PALABRAS CLAVES
Palabra clave Terapéutica
653 ## - TÉRMINO INDIZADO - PALABRAS CLAVES
Palabra clave Antimicrobiana
930 ## - NUMERO DE INVENTARIO
Número de inventario 980
942 ## - ADDED ENTRY ELEMENTS (KOHA)
Source of classification or shelving scheme Dewey Decimal Classification
Item type Libros
Existencias
Estado de retiro Existencia Estado general No para prestamo Ubicación permanente ubicación actual Sala de ubicación Fecha de adquisición Total Checkouts Número de clasificación Código de barras Date last seen Número de ejemplar Price effective from Koha tipo de elemento (item)
        Biblioteca Medicina Biblioteca Medicina Circulación 13/05/2011   615 13 COM 980 06/11/2014 ej.1 13/05/2011 Libros

UNIVERSIDAD NACIONAL DEL COMAHUE
Biblioteca de la Facultad de Ciencias Médicas
Sede Toschi: Los Arrayanes y Av. Toschi, Cipolletti  - Rio Negro
Sede Los Tordos:  Yrigoyen al 2211, Cipolletti - Rio Negro 

Teléfono: 0299 - 4774707 int 25
Contacto: biblioteca@facimed.uncoma.edu.ar
© 2011 - 2026